000 00465nam a2200169Ia 4500
003 GCL
008 140319s9999 xx 000 0 ara d
040 _aGCL /
_cGCL
082 0 4 _aط
_b507
_bف ه
100 1 _aفاطمه بعلبكى (مترجم)
245 1 0 _aهل تعرف جسمك /
_cفاطمه بعلبكى (مترجم)
300 _a40 ص
490 _a100 قصة
_v0
650 0 4 _aدوائر المعارف
650 0 4 _aالاطفال
942 _2ddc
_cBK
999 _c45781
_d45781